Catálogo
 En Linea

Crítica de la razón arrogante : (Registro nro. 15366)

Detalles MARC
000 -CABECERA
campo de control de longitud fija 00989cam a2200277 a 4500
001 - NÚMERO DE CONTROL
campo de control 000015821
005 - FECHA Y HORA DE LA ÚLTIMA TRANSACCIÓN
campo de control 20240501125920.0
008 - DATOS DE LONGITUD FIJA--INFORMACIÓN GENERAL
campo de control de longitud fija 991206s1999 mx 000 0 spa c
020 ## - NÚMERO INTERNACIONAL ESTÁNDAR DEL LIBRO
Número Internacional Estándar del Libro 9681905067
035 ## - NÚMERO DE CONTROL DEL SISTEMA
Número de control de sistema (OCoLC)ocm43716543
040 ## - FUENTE DE LA CATALOGACIÓN
Centro catalogador/agencia de origen DO-SdBNP
Centro/agencia transcriptor PL#
Centro/agencia modificador ZCU
-- DLC
042 ## - CÓDIGO DE AUTENTICACIÓN
Código de autenticación pcc
082 ## - NÚMERO DE LA CLASIFICACIÓN DECIMAL DEWEY
Número de clasificación 161
Número de documento/Ítem P434c
049 ## - FONDOS LOCALES (OCLC)
Fondos de biblioteca BNGR
100 1# - ENTRADA PRINCIPAL--NOMBRE DE PERSONA
Nombre de persona Pereda, Carlos,
Fechas asociadas al nombre 1944-
9 (RLIN) 35618
245 10 - MENCIÓN DE TÍTULO
Título Crítica de la razón arrogante :
Resto del título cuatro panfletos civiles /
Mención de responsabilidad, etc. Carlos Pereda.
260 ## - PUBLICACIÓN, DISTRIBUCIÓN, ETC.
Lugar de publicación, distribución, etc. México :
Nombre del editor, distribuidor, etc. Taurus,
Fecha de publicación, distribución, etc. 1999.
300 ## - DESCRIPCIÓN FÍSICA
Extensión 155 p. ;
Dimensiones 21 cm.
490 1# - MENCIÓN DE SERIE
Mención de serie Pensamiento
505 0# - NOTA DE CONTENIDO CON FORMATO
Nota de contenido con formato Estrategía de las dos inculturas -- Hay que defender la primacía de la moral? -- La identidad personal en conflicto, el reconocimiento del otro, también en conflicto? -- Historia y desprecio.
650 #4 - PUNTO DE ACCESO ADICIONAL DE MATERIA--TÉRMINO DE MATERIA
Término de materia o nombre geográfico como elemento de entrada Razonamiento
9 (RLIN) 1177
650 #4 - PUNTO DE ACCESO ADICIONAL DE MATERIA--TÉRMINO DE MATERIA
Término de materia o nombre geográfico como elemento de entrada Condiciones morales
9 (RLIN) 35619
650 #0 - PUNTO DE ACCESO ADICIONAL DE MATERIA--TÉRMINO DE MATERIA
Término de materia o nombre geográfico como elemento de entrada Identidad (Psicología)
9 (RLIN) 35620
830 #0 - PUNTO DE ACCESO ADICIONAL DE SERIE-TÍTULO UNIFORME
Título uniforme Pensamiento ;
9 (RLIN) 9245
910 ## - DATOS DE OPCIÓN DEL USUARIO (OCLC)
Datos de opción del usuario Catalogación por copia / LC
Existencias
Estado de retiro Estado de pérdida Restricciones de uso No para préstamo Código de colección Localización permanente Ubicación/localización actual Ubicación en estantería Fecha de adquisición Número de inventario Total de préstamos Signatura topográfica completa Código de barras Fecha visto por última vez Precio válido a partir de Tipo de ítem Koha
    Préstamo interno   Monografías: Libros y Folletos General General En catalogación 18.02.2010 LF1   161 P434c 15821-10 25.06.2020 25.06.2020 Préstamo interno

Con tecnología Koha